Embryologie

Hlavní autor: Frankenberger, Zdeněk, 1892-1966
Jazyk: Čeština
Vydáno: Praha, 1968
Knihy
Uloženo v:
LEADER 00482nam a22001692a 4500
001 000318247
003 CZ BrMZK
005 20030122064217.0
007 ta
008 010907s1968 xr f cze d
040 |a BOA001  |b cze 
100 1 |a Frankenberger, Zdeněk,  |d 1892-1966  |7 jk01031746 
245 1 0 |a Embryologie 
260 |a Praha,  |c 1968 
910 |a BOA001  |b 4-0583.429-68 
990 |a BK 
996 7 |b 2619838382  |c 4-0583.429-68  |l MZK  |r Sklad / do 1 hodiny  |n 4  |w 000318247  |u 000010  |a 1  |e BOA001  |j MZK50  |s A